Объемная конденсация парогазового потока в горизонтальной трубе; Химическая физика и актуальные проблемы энергетики

Dades bibliogràfiques
Parent link:Химическая физика и актуальные проблемы энергетики.— 2012.— [С. 102-103]
Autor principal: Жусупбеков Ж. Ж.
Altres autors: Юхнов В. Е.
Sumari:Заглавие с титульного листа
Idioma:rus
Publicat: 2012
Matèries:
Accés en línia:http://www.lib.tpu.ru/fulltext/c/2012/C03/042.pdf
Format: MixedMaterials Electrònic Capítol de llibre
KOHA link:https://koha.lib.tpu.ru/cgi-bin/koha/opac-detail.pl?biblionumber=230002

MARC

LEADER 00000nla2a2200000 4500
001 230002
005 20231031202456.0
035 |a (RuTPU)RU\TPU\book\250689 
035 |a RU\TPU\book\250685 
090 |a 230002 
100 |a 20130117d2012 k y0rusy50 ca 
101 0 |a rus 
102 |a RU 
105 |a y z 101zy 
135 |a drnn ---uucaa 
181 0 |a i  
182 0 |a b 
200 1 |a Объемная конденсация парогазового потока в горизонтальной трубе  |b Электронный ресурс  |f Ж. Ж. Жусупбеков, В. Е. Юхнов 
203 |a Текст  |c электронный 
215 |a 1 файл (198 Кб) 
230 |a Электронные текстовые данные (1 файл : 198 Кб) 
300 |a Заглавие с титульного листа 
320 |a [Библиогр.: с. 103 (9 назв.)] 
337 |a Adobe Reader 
463 1 |0 (RuTPU)RU\TPU\book\250360  |t Химическая физика и актуальные проблемы энергетики  |o сборник тезисов и докладов Всероссийской молодежной конференции, г. Томск, 4 - 6 сентября 2012 г.  |f Национальный исследовательский Томский политехнический университет (ТПУ) ; под ред. Г. В. Кузнецова ; Е. Е. Бульбы ; В. И. Максимова ; А. В. Захаревича ; Т. А. Нагорновой  |v [С. 102-103]  |d 2012 
610 1 |a труды учёных ТПУ 
610 1 |a электронный ресурс 
610 1 |a конденсация 
610 1 |a поток 
700 1 |a Жусупбеков  |b Ж. Ж. 
701 1 |a Юхнов  |b В. Е. 
801 1 |a RU  |b 63413507  |c 20130116 
801 2 |a RU  |b 63413507  |c 20130206  |g RCR 
856 4 |u http://www.lib.tpu.ru/fulltext/c/2012/C03/042.pdf 
942 |c CF